000 01371cam a22003134a 4500
999 _c57791
_d57791
001 13913794
005 20201224133101.0
008 050325s2006 njua b 001 0 eng
020 _a9780471678083 (cloth)
041 _aeng
080 _a577.1+61 D-34
245 0 0 _aTextbook of biochemistry :
_bwith clinical correlations /
_cedited by Thomas M. Devlin.
250 _a6th ed.
264 _aHoboken, N.J. :
_bWiley-Liss,
_c2006.
300 _a1208 p. :
_bill. (some col.) ;
_c29 cm.
504 _aIncludes bibliographical references and index.
650 0 _aBiochemistry.
_98809
650 0 _aClinical biochemistry.
_98809
650 1 2 _aBiochemistry.
_98809
653 _aბიოქიმია
653 _aკლინიკური ბიოქიმია
653 _aკლინიკური კორელაციები
700 1 _aDevlin, Thomas M.
_eრედაქტორი
_99814
856 4 2 _3Publisher description
_uhttp://www.loc.gov/catdir/enhancements/fy0622/2005008549-d.html
856 4 1 _3Table of contents only
_uhttp://www.loc.gov/catdir/enhancements/fy0622/2005008549-t.html
856 4 2 _3Contributor biographical information
_uhttp://www.loc.gov/catdir/enhancements/fy0826/2005008549-b.html
942 _2udc
_cBK
955 _aNLM
_ajc00 2005-03-29 to jc02
_aaa27 2005-03-29
_aps12 2006-01-18 1 copy rec'd., to CIP ver.